00747 2200193 4500001002100000005001500021035002000036245017900056100002600235250002000261300005600281856002800337700009200365260003600457082001000493084001600503020002200519600001200541INLIS00000000114724320260225082806 a0010-02260008631 aPENGARUH HUTAN DAN PENGELOLAAN DAERAH ALIRAN SUNGAI /cPenulis; Ria Rosdiana Hutagaol, Desain Cover; Ali Hasan Zein, Tata Letak; Titis Yuliyanti, Proofreader; Titis Yuliyanti0 aRia Rosdiana Hutagaol aCetakan Pertama aviii, 63 halaman :bIlustrasi ;c15,5x23 cmeKertas aPERPUSTAKAAN KELILING 30 aDesain Cover; Ali Hasan Zein, Tata Letak; Titis Yuliyanti, Proofreader; Titis Yuliyanti aYogyakarta :bDeepublish,c2019 a634.9 a634.9 RI p a978-623-02-0233-9 4aBiologi